Normal view MARC view
  • DRAMMA SOCIALE

Entry Topical Term

Number of records used in: 8

001 - CONTROL NUMBER

  • control field: 36988

003 - CONTROL NUMBER IDENTIFIER

  • control field: IT-RoPau

005 - DATE AND TIME OF LATEST TRANSACTION

  • control field: 20151125154415.0

008 - FIXED-LENGTH DATA ELEMENTS

  • fixed length control field: 151125|| aca||aabn | a|a d

040 ## - CATALOGING SOURCE

  • Original cataloging agency: IT-RoPau
  • Transcribing agency: IT-RoPau

150 ## - HEADING--TOPICAL TERM

  • Topical term or geographic name entry element: DRAMMA SOCIALE
  • : FILMS [VHS]
  • General subdivision: Codice MATERIA SPICS: 9960

670 ## - SOURCE DATA FOUND

  • Source citation: Work cat.: (IT-RoPau)104664: Anghelopoulos Thodoros Codice regista SPICS: 9879 36986, RICOSTRUZIONE DI UN DELITTO RICOSTRUZIONE DI UN DELITTO (Rif. Codice opera principale : 29002)
CREDITS: SOCIETA' SAN PAOLO Via A.Severo, 58 - ROMA (RM) & PERIODICI SAN PAOLO SRL Via Giotto, 36 MILANO & CISF Via Giotto, 36 MILANO & EDIZIONI SAN PAOLO SRL,  Piazza Soncino, 5 CINISELLO BALSAMO (MI) -- ITALY